00387nam a2200145Ia 450000500170000000800410001708200150005810000170007324500650009025000080015526000390016330000120020265000130021465000140022720240731055206.0240331s9999 xx 000 0 und d a291.5bAUR aAurobindo, S 4aThe Mother :bfecsimiles and text of the original manuscript a3rd aPondicherrybAll India booksc1984 a29 p ., aReligion aPsychical